Famous Locomotives - Statistics

General Stats
  • This quiz has been taken 18 times
  • The average score is 7 of 31
Answer Stats
Hint Answer % Correct
60103 Flying Scotsman
81%
60022 Mallard
81%
60007 Sir Nigel Gresley
38%
60163 Tornado
38%
70000 Britannia
31%
45596 Bahamas
25%
71000 Duke of Gloucester
25%
92220 Evening Star
25%
6023 King Edward I
25%
6024 King Edward II
25%
4079 Pendennis Castle
25%
55 Stepney
25%
32424 Beachy Head
19%
35028 Clan Line
19%
5080 Defiant
19%
72 Fenchurch
19%
6000 King George V
19%
60009 Union of South Africa
19%
4073 Caerphilly Castle
13%
46233 Duchess of Sutherland
13%
5428 (LMS) Eric Treacy
13%
2999 Lady of Legend
13%
70013 Oliver Cromwell
13%
46100 Royal Scot
13%
34067 Tangmere
13%
34072 257 Squadron
6%
7802 Bradley Manor
6%
30925 Cheltenham
6%
7029 Clun Castle
6%
7812 Erlestoke Manor
6%
34007 Wadebridge
6%
No matching quizzes found
Score Distribution
Percent of People with Each Score
Percentile by Number Answered
Your Score History
You have not taken this quiz